Európske dimenzie kvality života populácie SR - aktuálne otázky

Kvalita života a transformačné zmeny. Vstup do Európskej únie a európske dimenzie kvality života, rôznosť jej úrovne v členských štátoch únie. Ekonomická podmienenosť kvality života. Riešenie otázok nezamestnanosti, ekonomickej prosperity a sociálnych otázok spojené s európskou predstavou spokojného...

Descrizione completa

Salvato in:
Dettagli Bibliografici
Autore principale: Laluha, Ivan
Natura: Capitolo di libro
Lingua:slovacco
Soggetti:
Tags: Aggiungi Tag
Nessun Tag, puoi essere il primo ad aggiungerne!!

MARC

LEADER 00000nla$a2200000$$$4500
001 0067107
005 20220824092830.1
041 0 |a slo 
044 |a SK 
245 1 0 |a Európske dimenzie kvality života populácie SR - aktuálne otázky  |c Ivan Laluha 
520 |a Kvalita života a transformačné zmeny. Vstup do Európskej únie a európske dimenzie kvality života, rôznosť jej úrovne v členských štátoch únie. Ekonomická podmienenosť kvality života. Riešenie otázok nezamestnanosti, ekonomickej prosperity a sociálnych otázok spojené s európskou predstavou spokojného a kvalitného života. Problematika zmierňovania sociálnych rozdielov a napätí. Multikulturálne súžitie v Európe. 
610 2 0 |a kvalita života 
610 2 0 |a úroveň životná 
610 2 0 |a zamestnanosť 
610 2 0 |a podmienky sociálne 
610 2 0 |a integrácia 
610 2 0 |a štýl životný 
610 2 0 |a Slovensko 
610 2 0 |a Európska únia 
100 1 |a Laluha, Ivan